000 01062cab a2200301 4500
001 ABS56001
008 090401t1996 xxu||||| |||| 00| 0 eng d
035 _a(Sirsi) u20350
041 _aeng
100 _aLittlewood, A.
245 _aExplaining disrepair: examining owner occupiers` repair and maintenance behaviour
260 _c1996
350 _a0
490 _aHousing Studies
_v11(4) 1996, 503-525(23)
520 _aExamines the debate about causes of disrepair in owner-occupied housing stock, suggesting reasons and trends behind decisions to repair or not, and how housing condition and quality of the dwelling contributes to large outstanding repair bill in this sector.
650 _aDISREPAIR
650 _aFIT FOR HABITATION
650 _aHOUSING REPAIR GRANTS
650 _aHOUSING STANDARDS
650 _aBUILT ENVIRONMENT-BUILDING MAINTENANCE AND REFURBISHMENT
650 _aOWNER-OCCUPIED
650 _aREPAIRS
650 _aUNFITNESS
690 _aHOUSING
700 _aMunro, M.
942 _n0
948 _c04/03/1997
999 _c13634
_d13634